Responses for Show #4042 - Tuesday, March 12, 2002

Contestants

[<< previous game]

Lori Biddle, a teacher from Jefferson, Georgia

Hanley Baxter, a research analyst from Boston, Massachusetts

Juliet Cesarini, a graphic artist originally from Homer, Alaska (whose 1-day cash winnings total $16,199)

[next game >>]

Jeopardy! Round responses

ARTFUL KNIGHTS
CELEBRITY KID LIT
A PASSION FOR FASHION
REVOLUTIONARY WORDS
CLUB ME!
"Z" END
(Alex: Each correct response will end with that letter of the alphabet.)
    $200 26
portraits (or photographs)

Juliet
    $200 12
Julie Andrews

Juliet
    $200 1
cufflinks

Juliet
    $200 6
George Washington

Lori
    $200 18
(Juliet: What is the Luxor?)
(Hanley: What is the Venetian?)
...
(Alex: What is [*]? Caesar and Cleopatra? Connection there.)

Caesars Palace

JulietHanley
Triple Stumper
    $200 7
Heinz

Juliet
    $400 27
Gilbert & Sullivan

Juliet
    $400 13
John Lithgow

Juliet
    $400 2
Lacoste

Hanley
    $400 17
(Juliet: What is the, um, Constitution?)

the Declaration of Independence

JulietLori
    $400 19
Studio 54

Hanley
    $400 8
Mertz

Juliet
    $600 28
(Juliet: What are horses?)

lions

Juliet
Triple Stumper
    $600 14
Bette Midler

Juliet
    $600 3
a kimono

Juliet
    $600 23
Thomas Paine

Lori
    $600 20
the Rolling Stones

Juliet
    $600 9
Fritz

Juliet
    $800 29
(Alex: [Referring to Shaw] I said "Sir." I'm not sure he was knighted.)
[The end-of-round signal sounds.]

(George Bernard) Shaw

Juliet
    $800 15
Will Smith

Hanley
    $800 4
lingerie

Hanley
    $800 24
(Lori: Who is John Adams?)
...
(Alex: He's known primarily for other words, but it was [*].)

Patrick Henry

Lori
Triple Stumper
    $800 21
the Bada Bing Club

Hanley
    $800 10
Boaz

Triple Stumper
    $1000 16
Jamie Lee Curtis

Juliet
    $1000 5
(Hanley: What is a fedora?)
...
(Alex: It's [*], and the city in Germany is Bad Homburg.)

a homburg

Hanley
Triple Stumper
    $400 25
(Lori: I don't know.)
...
(Alex: Echoing the words of Caesar, "I have passed [*]"--"crossed [*]". So you're at zero.)

the Rubicon

Lori
    $1000 22
the Stone Pony

Hanley
    $1000 11
the Soyuz

Triple Stumper

Scores at the first commercial break (after clue 16):

Juliet Hanley Lori
$4,200 $1,000 $200

Scores at the end of the Jeopardy! Round:

Juliet Hanley Lori
$5,000 $3,000 $0

Double Jeopardy! Round responses

THE RED SEA
THE BROWN BOMBER
STRICTLY BLUEGRASS MUSIC
PURPLE HEART WINNERS
I AM CURIOUS YELLOW
PAINT IT "BLACK"
    $400 21
(Hanley: What is the Arabian Peninsula?)

the Sinai Peninsula

Hanley
Triple Stumper
    $400 11
Detroit

Juliet
    $400 16
Kentucky

Hanley
    $400 22
Colin Powell

Lori
    $400 6
Yellowstone

Lori
    $400 1
a black box

Juliet
    $800 27
[The end-of-round signal sounds.]

the Indian Ocean

Hanley
    $800 12
hide

Juliet
    $800 17
The Beverly Hillbillies

Hanley
    $800 23
(Juliet: Who is John McCain?)
...
(Alex: Less than a minute to go now.)

(John) Kerry

JulietHanley
    $800 7
a sponge

Triple Stumper
    $800 2
Black Flag

Juliet
    $1200 13
a stamp

Juliet
    $1200 18
"Dueling Banjos"

Hanley
    $1200 24
Oliver Stone

Juliet
    $1200 8
(Juliet: What is the Yukon Territory?)
(Lori: What is the Northwest Territory?)
(Alex: Yes. No, no, I spoke too soon, uh, the Northwest Territory was in the United States. [*] is in Canada.)

the Northwest Territories

JulietLori
Triple Stumper
    $1200 3
your little black book

Juliet
    $1600 14
(Hanley: What is Rocky?)
(Alex: And the boxer's name?)
(Hanley: Rocky Balboa? [*]!)
(Alex: That's it, yes.)

Rocky Marciano

Hanley
    $1600 19
mandolin

Lori
    $1,600 25
Pearl Harbor

Juliet
    $1600 9
(Tibetan) Buddhism

Triple Stumper
    $1600 4
the Black Sox

Juliet
    $2000 15
Max Schmeling

Hanley
    $2000 20
"Foggy Mountain Breakdown"

Lori
    $2000 26
Ernie Pyle

Triple Stumper
    $2000 10
a goldsmith

Juliet
    $5,000 5
(Juliet: Who is... the Black Knight?)

the Black Prince

Juliet

Scores at the end of the Double Jeopardy! Round:

Juliet Hanley Lori
$9,200 $10,200 $3,200

[wagering suggestions for these scores]

Final Jeopardy! Round responses

WORLD CAPITALS
LoriWhat is Monrovia?
$2,100
JulietWhat is
$2,000
HanleyWhat is Monrovia?
$8,201
Monrovia, Liberia

Final scores:

Juliet Hanley Lori
$7,200 $18,401 $5,300
2nd place: trip to Bermuda & stay at Sonesta Beach Resort New champion: $18,401 3rd place: trip to Palm Desert, California & stay at Desert Spring Villa

Game dynamics:

Coryat scores:

Juliet Hanley Lori
$14,200 $10,200 $3,600
23 R
(including 1 DD),
6 W
(including 1 DD)
13 R,
3 W
7 R,
3 W
(including 1 DD)

Combined Coryat: $28,000

[game clues] [game scores] [suggest correction]

Game tape date: 2001-12-05
The J! Archive is created by fans, for fans. Scraping, republication, monetization, and malicious use prohibited; this site may use cookies and collect identifying information. See terms. The Jeopardy! game show and all elements thereof, including but not limited to copyright and trademark thereto, are the property of Jeopardy Productions, Inc. and are protected under law. This website is not affiliated with, sponsored by, or operated by Jeopardy Productions, Inc. Join the discussion at JBoard.tv.